Deutsches Kabinett (2024) - Sudden Death - Statistiken

Allgemein
  • Dieses Quiz wurde 990 mal gespielt
  • Das Durchschnittsergebnis liegt bei 6 aus 15
Answers on the Grid
Answers color-coded by a green-red scale on the quiz's grid according to % correct below.
Nancy Faeser
Volker Wissing
Klara Geywitz
Cem Özdemir
Hubertus Heil
Annalena Baerbock
Boris Pistorius
Steffi Lemke
Olaf Scholz
Karl Lauterbach
Svenja Schulze
Wolfgang Schmidt
Jörg Kukies
Robert Habeck
Lisa Paus
Heiko Maas
Norbert Röttgen
Janine Wissler
Frank-Walter Steinmeier
Christian Lindner
Friedrich Merz
Kai Wegner
Dietmar Gruchmann
Frank Nopper
Nina Pörner
 
Antwortstatistiken
Antwort % Korrekt
Robert Habeck
63%
Boris Pistorius
62%
Annalena Baerbock
60%
Olaf Scholz
56%
Karl Lauterbach
55%
Nancy Faeser
53%
Cem Özdemir
52%
Hubertus Heil
42%
Volker Wissing
42%
Lisa Paus
35%
Svenja Schulze
31%
Klara Geywitz
30%
Steffi Lemke
26%
Jörg Kukies
20%
Wolfgang Schmidt
15%
Keine übereinstimmenden Quizze gefunden
Verteilung der Resultate
Anzahl Personen mit jedem Resultat
Perzentil nach korrekt beantworteten Fragen
Ihre Resultats-Entwicklung
Sie haben dieses Quiz noch nicht gespielt